| 000 | 00845nam a2200301Ia 4500 | ||
|---|---|---|---|
| 003 | OSt | ||
| 005 | 20220912150607.0 | ||
| 006 | a|||||r|||| 00| 0 | ||
| 007 | ta | ||
| 008 | 220909b |||||||| |||| 00| 0 eng d | ||
| 024 | _a33419 | ||
| 037 | _cTextual | ||
| 040 |
_aCSL _beng _cCSL |
||
| 041 | _aeng | ||
| 082 | _aC9D1,6:47, L7 | ||
| 100 | _aAltov V A | ||
| 245 | 0 | _aStabilization of superconducting magnetic systems | |
| 260 |
_aNew York _b Plenum Press _c1977 |
||
| 300 | _axiv, 338p ill | ||
| 490 | _aInternational cryogenics monograph series | ||
| 500 |
_aAppendix p. _ccm.325-332 |
||
| 650 | _a Low temperature | ||
| 650 | _aPhysics | ||
| 700 | _a Kremlev M G | ||
| 700 | _a Zenkevich V B | ||
| 942 |
_hC9D1,6:47, L7 _cTEXL _2CC |
||
| 999 |
_c50674 _d50674 |
||